000 00209 a2200097 4500
001 28335
100 _aBauer, O F
245 _aFundamentals of Debate
260 _a
_bScott, Foresman
_c
090 _c18944
_d18944
942 _aNUST-CAE
_cM
_c9940
999 _c263408
_d263408